ბათუმის შოთა რუსთაველის სახელმწიფო უნივერსიტეტის ბიბლიოთეკა

უფლისციხე შუა საუკუნეებში / (ბიბ.ჩანაწერი № 36211)

000 -ლიდერი
ფიქსირებული სიგრძის საკონტროლო ველი 01048nam a2200229Ia 4500
001 - საკონტროლო ნომერი
საკონტროლო ველი 2114
003 - საკონტროლო ნომრის იდენტიფიკატორი
საკონტროლო ველი GE_BSU
005 - ბოლო ოპერაციის თარიღი და დრო
საკონტროლო ველი 20190514202043.0
008 - ფიქსირებული სიგრძის მონაცემთა ელემენტები - ზოგადი ინფორმაცია
ფიქსირებული სიგრძის საკონტროლო ველი 181216s2008||||ge |||||||||||||| ||geo||
020 ## - წიგნის საერთაშორისო სტანდარტული ნომერი
International Standard Book Number 9789941009976
040 ## - კატალოგიზაციის წყარო
Transcribing agency GE_BSU
041 ## - ენის კოდი
Language code of text/sound track or separate title geo
080 ## - უნივერსალური ათობითი კლასიფიკაციის ინდექსი
Universal Decimal Classification number 725.182(479.22)+903.43(479.22) მ–68
100 ## - მთავარი ჩანაწერი - პიროვნების სახელი
Personal name მინდორაშვილი, დავით.
9 (RLIN) 1157
110 ## - მთავარი ჩანაწერი - კორპორაციული (კოლექტიური) სახელი
Corporate name or jurisdiction name as entry element სიძველეთა დაცვისა და შესწავლის ცენტრი
9 (RLIN) 1158
245 ## - ცნობა სათაურის შესახებ
Title უფლისციხე შუა საუკუნეებში /
Remainder of title
Statement of responsibility, etc დავით მინდორაშვილი ; რედაქტორი: გიორგი რჩეულიშვილი
264 ## - წარმოების, გამოცემის, დისტრიბუციის და სხვა ცნობები
გამოცემის, წარმოების, დისტრიბუციის... ადგილი თბილისი :
გამოცემის, წარმოების, დისტრიბუციის... სახელწოდება [გ.გ.].
გამოცემის, წარმოების, დისტრიბუციის... თარიღი 2008.
300 ## - ფიზიკური აღწერა
Extent 148 გვ. :
Other physical details ილ.,
Dimensions 20 სმ.
653 ## - INDEX TERM--UNCONTROLLED
Uncontrolled term უფლისციხის ისტორია
700 ## - ADDED ENTRY--PERSONAL NAME
Personal name რჩეულიშვილი, გიორგი
Relator term რედაქტორი
9 (RLIN) 1159
942 ## - ADDED ENTRY ELEMENTS (KOHA)
Koha item type წიგნი
Source of classification or shelving scheme
ეგზემპლარები
ჩამოწერის სტატუსი დაკარგული ეგზემპლარის სტატუსი კლასიფიკაციის წყარო ან თაროზე გაწყობის სქემა დაზიანების სტატუსი არ გაიცემა მუდმივი მდებარეობა (დაცვის ადგილი) ამჟამინდელი ადგილსამყოფელი თაროზე განთავსების ადგილი შეძენის თარიღი ღირებულება, შესყიდვის ნორმალური ფასი სრული შენახვის შიფრი შტრიხკოდი ბოლო ოპერაციის თარიღი ეგზემპლარის მიმდევრობითი ნომერი (კეტერი?) ფასის ძალაში შესვლის თარიღი ეგზემპლარის სახეობა საჯარო შენიშვნა
          ბათუმის შოთა რუსთაველის სახელმწიფო უნივერსიტეტის მთავარი ბიბლიოთეკა ბათუმის შოთა რუსთაველის სახელმწიფო უნივერსიტეტის მთავარი ბიბლიოთეკა წიგნსაცავი 2018-12-17 5.00 725.182(479.22)+903.43(479.22) მ–68 4218 2018-12-17 4218 2018-12-17 წიგნი 5 ლ.